2004 MLB Playoff Lineups - Statistics

General Stats
  • This quiz has been taken 31 times
  • The average score is 42 of 107
Answer Stats
Hint Hint Answer % Correct
New York Yankees SS Derek Jeter
100%
Atlanta Braves CF Andruw Jones
94%
Atlanta Braves 3B Chipper Jones
94%
Boston Red Sox DH David Ortiz
94%
Minnesota Twins RF Jacque Jones
94%
Atlanta Braves SP Russ Ortiz
94%
New York Yankees 3B Alex Rodriguez
88%
Boston Red Sox SP Pedro Martinez
88%
Boston Red Sox C Jason Varitek
82%
New York Yankees C Jorge Posada
82%
Boston Red Sox LF Manny Ramirez
82%
Houston Astros SP Roger Clemens
82%
St. Louis Cardinals 1B Albert Pujols
76%
New York Yankees CF Bernie Williams
76%
Houston Astros LF Craig Biggio
76%
Boston Red Sox SP Curt Schilling
76%
Houston Astros 1B Jeff Bagwell
76%
Anaheim Angels RF Vladimir Guerrero
76%
St. Louis Cardinals SP Woody Williams
76%
New York Yankees MGR Joe Torre
71%
Anaheim Angels C Bengie Molina
65%
Anaheim Angels CF Garret Anderson
65%
St. Louis Cardinals CF Jim Edmonds
65%
Boston Red Sox CF Johnny Damon
65%
St. Louis Cardinals MGR Tony LaRussa
65%
Boston Red Sox 3B Bill Mueller
59%
New York Yankees RF Gary Sheffield
59%
New York Yankees LF Hideki Matsui
59%
Minnesota Twins SP Johan Santana
59%
Boston Red Sox 1B Kevin Millar
59%
New York Yankees SP Mike Mussina
59%
St. Louis Cardinals 3B Scott Rolen
59%
Boston Red Sox MGR Terry Francona
59%
Minnesota Twins CF Torii Hunter
59%
Boston Red Sox RF Trot Nixon
59%
Anaheim Angels DH Troy Glaus
59%
Atlanta Braves MGR Bobby Cox
53%
St. Louis Cardinals SS Edgar Renteria
53%
Minnesota Twins 1B Justin Morneau
53%
Houston Astros RF Lance Berkman
53%
St. Louis Cardinals C Mike Matheny
53%
Anaheim Angels MGR Mike Scioscia
53%
Boston Red Sox SP Tim Wakefield
53%
Houston Astros C Brad Ausmus
47%
Boston Red Sox SP Derek Lowe
47%
Boston Red Sox SS Orlando Cabrera
47%
Houston Astros SP Roy Oswalt
47%
Anaheim Angels SP Bartolo Colon
41%
Boston Red Sox 2B Mark Bellhorn
41%
New York Yankees SP Orlando Hernandez
41%
Atlanta Braves SS Rafael Furcal
41%
Los Angeles Dodgers 1B Shawn Green
41%
Minnesota Twins SP Brad Radke
35%
Boston Red Sox SP Bronson Arroyo
35%
Anaheim Angels 1B Darin Erstad
35%
Houston Astros 2B Jeff Kent
35%
St. Louis Cardinals RF Larry Walker
35%
Houston Astros 3B Morgan Ensberg
35%
Minnesota Twins MGR Ron Gardenhire
35%
New York Yankees 1B John Olerud
29%
New York Yankees SP Kevin Brown
29%
Los Angeles Dodgers SP Odalis Perez
29%
Houston Astros CF Carlos Beltran
24%
Los Angeles Dodgers SP Jeff Weaver
24%
Houston Astros MGR Phil Garner
24%
New York Yankees DH Ruben Sierra
24%
Anaheim Angels 2B | SS Chone Figgins
18%
Minnesota Twins 3B Corey Koskie
18%
Anaheim Angels SP Jarrod Washburn
18%
Atlanta Braves RF J.D. Drew
18%
St. Louis Cardinals SP Jeff Suppan
18%
New York Yankees SP Jon Lieber
18%
Atlanta Braves 2B Marcus Giles
18%
St. Louis Cardinals SP Matt Morris
18%
Minnesota Twins 2B Michael Cuddyer
18%
St. Louis Cardinals LF Reggie Sanders
18%
Atlanta Braves 1B Adam LaRoche
12%
Los Angeles Dodgers 2B Alex Cora
12%
Houston Astros SP Brandon Backe
12%
Atlanta Braves LF Charles Thomas
12%
Los Angeles Dodgers MGR Jim Tracy
12%
New York Yankees 2B Miguel Cairo
12%
Atlanta Braves SP Mike Hampton
12%
Los Angeles Dodgers CF Steve Finley
12%
St. Louis Cardinals 2B Tony Womack
12%
Los Angeles Dodgers 3B Adrian Beltre
6%
Los Angeles Dodgers SS Cesar Izturis
6%
Minnesota Twins SS Cristian Guzman
6%
Minnesota Twins C Henry Blanco
6%
St. Louis Cardinals SP Jason Marquis
6%
New York Yankees SP Javier Vazquez
6%
Atlanta Braves C Johnny Estrada
6%
Anaheim Angels SP Kelvim Escobar
6%
Minnesota Twins DH Lew Ford
6%
Los Angeles Dodgers RF Milton Bradley
6%
Los Angeles Dodgers C Brent Mayne
0%
Minnesota Twins SP Carlos Silva
0%
Anaheim Angels 3B Dallas McPherson
0%
Atlanta Braves SP Jaret Wright
0%
Los Angeles Dodgers LF Jayson Werth
0%
Anaheim Angels LF Jeff DaVanon
0%
Atlanta Braves SP John Thomson
0%
Los Angeles Dodgers SP Jose Lima
0%
Houston Astros SS Jose Vizcaino
0%
Houston Astros SP Peter Munro
0%
Minnesota Twins LF Shannon Stewart
0%
No matching quizzes found
Score Distribution
Percent of People with Each Score
Percentile by Number Answered
Your Score History
You have not taken this quiz